[Event "Arvier Grand Paradis op-B 4th"]
[Site "Arvier"]
[Date "2017.08.02"]
[Round "4"]
[White "Lyabel, Giacomo"]
[Black "Virgilio, Gianluca"]
[Result "0-1"]
[WhiteElo "1680"]
[BlackElo "1771"]
[PlyCount "58"]
[EventDate "2017.07.30"]
[EventType "swiss"]
[EventRounds "7"]
[EventCountry "ITA"]
[SourceTitle "EXT 2023"]
[Source "ChessBase"]
[SourceDate "2022.10.05"]
[SourceVersion "1"]
[SourceVersionDate "2022.10.05"]
[SourceQuality "1"]

1. d4 Nf6 2. c4 g6 3. Nc3 d5 4. cxd5 Nxd5 5. e4 Nxc3 6. bxc3 Bg7 7. Nf3 c5 8. h3 0-0 9. Be2 Nc6 10. Bb2 cxd4 11. cxd4 Qa5+ 12. Qd2 Qxd2+ 13. Nxd2 Nxd4 14. Rb1 Be6 15. Bc4 Rfc8 16. Bxe6 Nxe6 17. Bxg7 Kxg7 18. Nb3 Rc2 19. Ra1 Rac8 20. 0-0 b6 21. Rfc1 Rxc1+ 22. Rxc1 Rxc1+ 23. Nxc1 Kf6 24. f3 Ke5 25. Nb3 Nc5 26. Nxc5 bxc5 27. Kf2 Kd4 28. Ke2 Kc3 29. Ke3 a5 0-1

[Event "Arvier Spring op-B"]
[Site "Arvier"]
[Date "2017.04.24"]
[Round "6.4"]
[White "Piazza, Giacomo"]
[Black "Lyabel, Giacomo"]
[Result "0-1"]
[WhiteElo "1468"]
[BlackElo "1658"]
[PlyCount "72"]
[EventDate "2017.04.21"]
[EventType "tourn"]
[EventRounds "7"]
[EventCountry "ITA"]
[SourceTitle "EXT 2023"]
[Source "ChessBase"]
[SourceDate "2022.10.05"]
[SourceVersion "1"]
[SourceVersionDate "2022.10.05"]
[SourceQuality "1"]

1. g4 b6 2. Bg2 Nc6 3. b4 Bb7 4. Bb2 e6 5. a3 Nf6 6. h3 h6 7. e3 Be7 8. Qe2 0-0 9. d3 d6 10. Nd2 Nd7 11. Ngf3 Bf6 12. c3 Re8 13. Ne4 Be7 14. h4 d5 15. Ng3 Nce5 16. Nxe5 Nxe5 17. g5 Kh7 18. f4 Nd7 19. 0-0-0 Rg8 20. f5 Bd6 21. g6+ fxg6 22. fxg6+ Kxg6 23. Nf1 Kh7 24. d4 Nf6 25. Bh3 Qe7 26. Rg1 Raf8 27. Nh2 Ne4 28. Qc2 Rf2 29. Qb1 Bxh2 30. Rg4 Kh8 31. Rg6 Rf6 32. Rg2 Bd6 33. Rdg1 Rf7 34. Rg6 Bc8 35. Kc2 Qxh4 36. Bg2 Qf2+ 0-1

[Event "Arvier Spring op-B"]
[Site "Arvier"]
[Date "2017.04.22"]
[Round "2.2"]
[White "Zuccoli, Maurizio"]
[Black "Lyabel, Giacomo"]
[Result "1/2-1/2"]
[WhiteElo "1751"]
[BlackElo "1658"]
[PlyCount "85"]
[EventDate "2017.04.21"]
[EventType "tourn"]
[EventRounds "7"]
[EventCountry "ITA"]
[SourceTitle "EXT 2023"]
[Source "ChessBase"]
[SourceDate "2022.10.05"]
[SourceVersion "1"]
[SourceVersionDate "2022.10.05"]
[SourceQuality "1"]

1. e4 c5 2. Nf3 d6 3. d4 cxd4 4. Nxd4 Nf6 5. Nc3 a6 6. Bc4 e6 7. Bb3 b5 8. Bg5 Be7 9. f4 h6 10. Bxf6 Bxf6 11. Qd3 0-0 12. 0-0-0 Qe7 13. Rhe1 Bxd4 14. Qxd4 Rd8 15. Re3 Ra7 16. Rg3 f6 17. f5 Rb7 18. fxe6 Bxe6 19. Nd5 Qf7 20. Nxf6+ Kh8 21. Bxe6 Qxe6 22. Nh5 Nc6 23. Qd5 Qxd5 24. Rxd5 Ne5 25. Nf4 Re7 26. Rxe5 Rxe5 27. Ng6+ Kg8 28. Nxe5 dxe5 29. Rg6 Rf8 30. Rxa6 Rf1+ 31. Kd2 Rf2+ 32. Kd3 Rxg2 33. Re6 Rxh2 34. Rxe5 Rh3+ 35. Ke2 Rh2+ 36. Kf3 b4 37. Rc5 Kf7 38. a4 bxa3 39. bxa3 Rh1 40. a4 Ra1 41. a5 Ke6 42. c4 Ra4 43. e5 1/2-1/2

[Event "Arvier Grand Paradis op-B"]
[Site "Arvier"]
[Date "2016.07.26"]
[Round "3"]
[White "Lyabel, Giacomo"]
[Black "Silano, Pierluigi"]
[Result "1/2-1/2"]
[WhiteElo "1575"]
[BlackElo "1584"]
[PlyCount "58"]
[EventDate "2016.07.24"]
[EventType "swiss"]
[EventRounds "6"]
[EventCountry "ITA"]
[SourceTitle "EXT 2017"]
[Source "ChessBase"]
[SourceDate "2016.10.25"]
[SourceVersion "1"]
[SourceVersionDate "2016.10.25"]
[SourceQuality "1"]

1. d4 d5 2. c4 c6 3. e3 Nf6 4. Nc3 dxc4 5. Bxc4 Bf5 6. Nf3 b5 7. Bd3 Bxd3 8. Qxd3 e6 9. 0-0 Bb4 10. Nxb5 0-0 11. Nc3 c5 12. Rd1 cxd4 13. Nxd4 Qb6 14. a3 Bxc3 15. Qxc3 Rd8 16. Qc2 Nc6 17. Nxc6 Qxc6 18. Qe2 Rac8 19. Rxd8+ Rxd8 20. b4 Ne4 21. h3 h6 22. Kh2 Qd6+ 23. f4 Nc3 24. Qc2 Nd1 25. Ra2 e5 26. Qd2 Qc7 27. Qc2 Qd6 28. Qd2 Qc7 29. Qc2 Qd6 1/2-1/2

[Event "Arvier Amatori op 6th"]
[Site "Arvier"]
[Date "2016.01.06"]
[Round "5"]
[White "Lyabel, Giacomo"]
[Black "Bono, Carlo"]
[Result "1-0"]
[WhiteElo "1578"]
[BlackElo "1440"]
[PlyCount "131"]
[EventDate "2016.01.03"]
[EventType "swiss"]
[EventRounds "5"]
[EventCountry "ITA"]
[SourceTitle "EXT 2017"]
[Source "ChessBase"]
[SourceDate "2016.10.25"]
[SourceVersion "1"]
[SourceVersionDate "2016.10.25"]
[SourceQuality "1"]

1. d4 Nf6 2. c4 e6 3. Nc3 Bb4 4. Bd2 c5 5. e3 0-0 6. Nf3 d5 7. a3 Bxc3 8. Bxc3 Ne4 9. Bd3 Nxc3 10. bxc3 Nd7 11. cxd5 exd5 12. 0-0 c4 13. Bc2 Nf6 14. Qb1 Re8 15. Re1 Ne4 16. Bxe4 Rxe4 17. Ne5 Qc7 18. g3 Bf5 19. Qb2 b6 20. f3 Rxe5 21. dxe5 Qxe5 22. Rac1 Re8 23. Qb5 Re7 24. e4 dxe4 25. Qxe5 Rxe5 26. Rcd1 Kf8 27. Kf2 Ke7 28. Rd4 b5 29. fxe4 Be6 30. Kf3 g5 31. g4 f5 32. gxf5 Bxf5 33. Re2 Be6 34. Rb2 a6 35. Rbd2 h5 36. Rd6 Bg4+ 37. Ke3 Bf5 38. R6d4 Bg6 39. Kf3 Be8 40. Rd5 Rxd5 41. Rxd5 g4+ 42. Kf4 Ke6 43. Rd8 Bc6 44. Rh8 Kd6 45. Rxh5 Bd7 46. Rh6+ Be6 47. Rg6 a5 48. Rg5 Bd7 49. Ke3 Kc6 50. Kd4 Kd6 51. Rg6+ Ke7 52. Ra6 a4 53. Ra7 Kd6 54. Ra8 Be6 55. e5+ Kc7 56. Kc5 Kb7 57. Ra5 Bd7 58. Rxb5+ Bxb5 59. Kxb5 Kc7 60. Kc5 Kd7 61. Kxc4 Ke6 62. Kd4 Kf7 63. Kd5 Ke7 64. c4 Kd7 65. c5 Ke7 66. c6 1-0

[Event "Arolo di Leggiuno op 4th"]
[Site "Arolo di Leggiuno"]
[Date "2015.05.09"]
[Round "2"]
[White "Lyabel, Giacomo"]
[Black "Brioschi, Camillo"]
[Result "1/2-1/2"]
[WhiteElo "1545"]
[BlackElo "1790"]
[PlyCount "67"]
[EventDate "2015.05.08"]
[EventType "swiss"]
[EventRounds "5"]
[EventCountry "ITA"]
[SourceTitle "CBM 166 Extra"]
[Source "ChessBase"]
[SourceDate "2015.06.18"]
[SourceVersion "1"]
[SourceVersionDate "2015.06.18"]
[SourceQuality "1"]

1. d4 d5 2. c4 e6 3. Nc3 Nf6 4. e3 Nbd7 5. Bd3 dxc4 6. Bxc4 Nb6 7. Bd3 c5 8. dxc5 Bxc5 9. Nf3 0-0 10. 0-0 Qe7 11. Qc2 Nbd5 12. Nxd5 exd5 13. b3 Ne4 14. Nd4 Bd7 15. Bb2 Rac8 16. Qe2 Ba3 17. Rac1 Qb4 18. Rxc8 Rxc8 19. Nc2 Rxc2 20. Qxc2 Bc6 21. Bxa3 Qxa3 22. Bxe4 dxe4 23. Rd1 h6 24. f3 Qe7 25. f4 Kh7 26. Qd2 Qc5 27. Qd4 Qa3 28. Qd2 a6 29. Qc2 Qa5 30. Qd2 Qa3 31. Qc2 Qa5 32. Qb2 Qb6 33. Qd4 Qa5 34. Qd2 1/2-1/2

[Event "Arvier Grand Paradis op"]
[Site "Arvier"]
[Date "2014.07.26"]
[Round "8"]
[White "Lyabel, Giacomo"]
[Black "Marguerettaz, Davy"]
[Result "0-1"]
[WhiteElo "1512"]
[BlackElo "2187"]
[PlyCount "76"]
[EventDate "2014.07.19"]
[EventType "swiss"]
[EventRounds "8"]
[EventCountry "ITA"]
[SourceTitle "EXT 2016"]
[Source "ChessBase"]
[SourceDate "2015.10.08"]
[SourceVersion "1"]
[SourceVersionDate "2015.10.08"]
[SourceQuality "1"]

1. d4 d5 2. c4 c6 3. Nf3 Nf6 4. Nc3 dxc4 5. a4 Bg4 6. e3 e6 7. Bxc4 c5 8. Be2 Nc6 9. dxc5 Bxc5 10. 0-0 Qe7 11. b3 0-0 12. Bb2 Rfd8 13. Qc1 e5 14. Nd2 Nb4 15. Bxg4 Nd3 16. Qc2 Nxg4 17. Nd1 Rac8 18. Nc4 f5 19. h3 Nf6 20. Nc3 e4 21. Rfd1 f4 22. Qe2 fxe3 23. fxe3 Nxb2 24. Qxb2 Rd3 25. Rxd3 exd3 26. Qf2 Bxe3 27. Qxe3 Qxe3+ 28. Nxe3 Rxc3 29. Rb1 d2 30. Kf2 Rc1 31. Rb2 d1Q 32. Nxd1 Rxd1 33. Rc2 Kf7 34. Ke2 Rd6 35. Kf2 Rc6 36. Re2 Rb6 37. Rb2 Ne4+ 38. Ke3 Nc5 0-1

[Event "Arvier Grand Paradis op"]
[Site "Arvier"]
[Date "2014.07.21"]
[Round "3"]
[White "Lyabel, Giacomo"]
[Black "Bagnod, Ruben"]
[Result "0-1"]
[WhiteElo "1512"]
[BlackElo "1362"]
[PlyCount "68"]
[EventDate "2014.07.19"]
[EventType "swiss"]
[EventRounds "8"]
[EventCountry "ITA"]
[SourceTitle "EXT 2016"]
[Source "ChessBase"]
[SourceDate "2015.10.08"]
[SourceVersion "1"]
[SourceVersionDate "2015.10.08"]
[SourceQuality "1"]

1. d4 d5 2. c4 e6 3. Nc3 Nf6 4. Bg5 Be7 5. e3 h6 6. Bh4 c6 7. Nf3 Nbd7 8. cxd5 cxd5 9. Bd3 0-0 10. 0-0 Qc7 11. Rc1 Qb6 12. Qe2 a6 13. a3 Qb3 14. Bc2 Qc4 15. Qxc4 dxc4 16. a4 Bb4 17. Ne4 Nxe4 18. Bxe4 Nb6 19. Ra1 a5 20. Bg3 Ra7 21. Bc7 Nd5 22. Bxd5 exd5 23. Ne1 Bd7 24. Nc2 b5 25. Nxb4 axb4 26. Bb6 Rxa4 27. Bc5 Rfa8 28. Rxa4 Rxa4 29. h3 b3 30. f3 Ra2 31. Rf2 c3 32. Ba3 Rxa3 33. bxc3 Ra2 34. Rf1 b2 0-1

[Event "Arvier Grand Paradis op"]
[Site "Arvier"]
[Date "2014.07.20"]
[Round "2"]
[White "Cirrincione, Giansalvo"]
[Black "Lyabel, Giacomo"]
[Result "1-0"]
[WhiteElo "1796"]
[BlackElo "1512"]
[PlyCount "37"]
[EventDate "2014.07.19"]
[EventType "swiss"]
[EventRounds "8"]
[EventCountry "ITA"]
[SourceTitle "EXT 2016"]
[Source "ChessBase"]
[SourceDate "2015.10.08"]
[SourceVersion "1"]
[SourceVersionDate "2015.10.08"]
[SourceQuality "1"]

1. d4 d5 2. Bf4 Bf5 3. c4 c6 4. Nc3 Nf6 5. e3 e6 6. Qb3 b6 7. Nf3 Nbd7 8. Qa4 Qc8 9. cxd5 b5 10. Nxb5 cxb5 11. Bxb5 a6 12. Bc6 Ra7 13. Rc1 Qd8 14. Ne5 h6 15. 0-0 Be7 16. Bxd7+ Nxd7 17. Nc6 Qa8 18. Nxa7 Qxa7 19. Rc7 1-0

[Event "Arvier Amatori op 4th"]
[Site "Arvier"]
[Date "2014.01.02"]
[Round "1"]
[White "Lyabel, Giacomo"]
[Black "Baloire, Endy"]
[Result "0-1"]
[WhiteElo "1501"]
[BlackElo "1961"]
[PlyCount "80"]
[EventDate "2014.01.02"]
[EventType "swiss"]
[EventRounds "5"]
[EventCountry "ITA"]
[SourceTitle "EXT 2015"]
[Source "ChessBase"]
[SourceDate "2014.11.20"]
[SourceVersion "1"]
[SourceVersionDate "2014.11.20"]
[SourceQuality "1"]

1. d4 d5 2. c4 e6 3. Nc3 Nf6 4. Bg5 Nbd7 5. Nf3 c6 6. e3 Qa5 7. Qd2 Bb4 8. Rc1 Ne4 9. Qc2 Nxg5 10. Nxg5 dxc4 11. Nge4 b5 12. a3 Be7 13. g3 Bb7 14. Bg2 0-0 15. 0-0 Rfd8 16. Rfd1 Rac8 17. Ne2 c5 18. Qd2 Qb6 19. dxc5 Nxc5 20. Qc2 Nd3 21. Rb1 a6 22. Nd2 Bxg2 23. Kxg2 a5 24. Nc1 h6 25. Nf3 Bf6 26. Rd2 Qb7 27. Nxd3 cxd3 28. Qd1 e5 29. Kf1 e4 30. Ne1 Qb6 31. Ng2 Rc4 32. h4 Rdc8 33. Ne1 Be5 34. Kg2 b4 35. b3 Rc3 36. a4 Qc6 37. Ra2 Rc1 38. Rxc1 Qxc1 39. Rd2 Qxd1 40. Rxd1 Rc3 0-1

[Event "Arvier Amatori op 3rd"]
[Site "Arvier"]
[Date "2013.01.06"]
[Round "7"]
[White "Triglia, Guglielmo"]
[Black "Lyabel, Giacomo"]
[Result "1-0"]
[WhiteElo "1413"]
[BlackElo "1449"]
[PlyCount "91"]
[EventDate "2013.01.02"]
[EventType "swiss"]
[EventRounds "7"]
[EventCountry "ITA"]
[SourceTitle "EXT 2014"]
[Source "ChessBase"]
[SourceDate "2013.11.20"]
[SourceVersion "1"]
[SourceVersionDate "2013.11.20"]
[SourceQuality "1"]

1. e4 e5 2. Nf3 Nc6 3. Nc3 Bc5 4. Nxe5 Nxe5 5. d4 Bxd4 6. Qxd4 d6 7. Bf4 Qf6 8. Bxe5 Qxe5 9. Qxe5+ dxe5 10. Nd5 Kd8 11. 0-0-0 Bd7 12. Bc4 f6 13. f4 c6 14. Nb4 Ke7 15. fxe5 fxe5 16. Rd2 Nf6 17. Rhd1 b6 18. Be2 Rad8 19. Bf3 h5 20. h3 a5 21. Na6 g5 22. b4 a4 23. Nc5 Bc8 24. Rxd8 Rxd8 25. Rxd8 Kxd8 26. Nd3 g4 27. hxg4 hxg4 28. Be2 Kc7 29. Nxe5 Nxe4 30. Bxg4 Bxg4 31. Nxg4 Kd7 32. Kd1 Ke6 33. Ke2 Nc3+ 34. Kd2 Nd5 35. a3 Kf5 36. Ne3+ Nxe3 37. Kxe3 Kf6 38. Kf4 Ke6 39. g4 Kf7 40. Kf5 Ke8 41. Kf6 Kf8 42. g5 Ke8 43. g6 Kf8 44. c3 Kg8 45. g7 Kh7 46. Kf7 1-0

[Event "Arvier Amatori op 3rd"]
[Site "Arvier"]
[Date "2013.01.05"]
[Round "6"]
[White "Bianchi, Simone"]
[Black "Lyabel, Giacomo"]
[Result "1-0"]
[WhiteElo "1600"]
[BlackElo "1449"]
[PlyCount "77"]
[EventDate "2013.01.02"]
[EventType "swiss"]
[EventRounds "7"]
[EventCountry "ITA"]
[SourceTitle "EXT 2014"]
[Source "ChessBase"]
[SourceDate "2013.11.20"]
[SourceVersion "1"]
[SourceVersionDate "2013.11.20"]
[SourceQuality "1"]

1. e4 e5 2. Nf3 Nc6 3. d4 d5 4. Bb5 Bg4 5. Qd3 Nf6 6. dxe5 dxe4 7. Qxd8+ Rxd8 8. exf6 exf3 9. 0-0 gxf6 10. Nc3 fxg2 11. Re1+ Be7 12. Bh6 Rd7 13. Bg7 Rg8 14. Bxf6 Bf3 15. Re3 Bg4 16. Rae1 Be6 17. Bxe7 Kxe7 18. Bc4 Nd4 19. Nd5+ Kd8 20. Nf6 Nxc2 21. Bxe6 Nxe3 22. Nxg8 Rd1 23. Rxd1+ Nxd1 24. Bxf7 Nxb2 25. Kxg2 c5 26. Kf3 b5 27. Ke4 c4 28. Kd4 Kc7 29. f4 Kd6 30. f5 Nd3 31. Be8 a6 32. f6 Ne5 33. f7 Nxf7 34. Bxf7 Kc7 35. Nf6 h6 36. Ng4 Kd7 37. Nxh6 Ke7 38. Bxc4 bxc4 39. Kxc4 1-0